[Event "Wch Blitz"]
[Site "Samarkand"]
[Date "2023.12.30"]
[Round "17"]
[White "Xue, Haowen"]
[Black "Bryakin, Mikhail"]
[Result "1-0"]
[WhiteElo "2455"]
[BlackElo "2486"]
[PlyCount "163"]
[EventDate "2023.12.29"]
[EventType "swiss (blitz)"]
[EventRounds "21"]
[EventCountry "UZB"]
[SourceTitle "CBM 217 Extra"]
[Source "ChessBase"]
[SourceDate "2024.01.31"]
[SourceVersion "1"]
[SourceVersionDate "2024.01.31"]
[SourceQuality "1"]

1. e4 c6 2. Nf3 d5 3. Nc3 Nf6 4. e5 Ne4 5. Bd3 Nxc3 6. dxc3 Bg4 7. Bf4 e6 8. h3 Bh5 9. g4 Bg6 10. h4 Bxd3 11. cxd3 h5 12. Ng5 g6 13. gxh5 Rxh5 14. Qf3 Qe7 15. 0-0-0 Nd7 16. d4 a5 17. Kb1 a4 18. Bc1 Nb6 19. Rh3 Nc4 20. Qe2 Bh6 21. Rf3 Bxg5 22. Bxg5 Qc7 23. Rdd3 Ra5 24. Ka1 Rb5 25. Bc1 Rxh4 26. Rh3 Qe7 27. Qd1 Kd7 28. f4 Ra5 29. Qe1 Rxh3 30. Rxh3 Ra8 31. Rh7 Kc7 32. Kb1 Kb6 33. Qg1 Qf8 34. Qg5 Qg8 35. Qh6 Qf8 36. Qg5 Qg8 37. Qh6 Rc8 38. b3 Na5 39. Kc2 Ka6 40. Ba3 axb3+ 41. axb3 Qd8 42. Bc5 b6 43. Bd6 Nb7 44. Ba3 c5 45. dxc5 Nxc5 46. Bxc5 Rxc5 47. Rxf7 d4 48. c4 d3+ 49. Kd2 Qd4 50. Qh1 Qb2+ 51. Ke3 Qe2+ 52. Kd4 Qb2+ 53. Ke3 Qe2+ 54. Kd4 Qb2+ 55. Ke3 Ka5 56. Qe1+ Ka6 57. Qd2 Qxb3 58. Qxd3 Qb2 59. Re7 Ra5 60. c5+ Rb5 61. Rxe6 Ka5 62. Rxb6 Rxb6 63. cxb6 Qxb6+ 64. Qd4 Qb3+ 65. Ke4 Qc2+ 66. Qd3 Qg2+ 67. Ke3 Qg3+ 68. Ke4 Qg2+ 69. Kd4 Kb6 70. e6 Kc7 71. Ke5 Qb2+ 72. Ke4 Qb4+ 73. Kf3 Qd6 74. Qxg6 Qd1+ 75. Ke3 Kc6 76. e7+ Kc7 77. e8Q Qe1+ 78. Kd4 Qb4+ 79. Ke5 Qb2+ 80. Kf5 Qc2+ 81. Qe4 Qc5+ 82. Qe5+ 1-0

[Event "Wch Blitz"]
[Site "Samarkand"]
[Date "2023.12.29"]
[Round "8"]
[White "Jobava, Baadur"]
[Black "Xue, Haowen"]
[Result "1-0"]
[WhiteElo "2591"]
[BlackElo "2455"]
[PlyCount "125"]
[EventDate "2023.12.29"]
[EventType "swiss (blitz)"]
[EventRounds "21"]
[EventCountry "UZB"]
[SourceTitle "CBM 217 Extra"]
[Source "ChessBase"]
[SourceDate "2024.01.31"]
[SourceVersion "1"]
[SourceVersionDate "2024.01.31"]
[SourceQuality "1"]

1. e4 c6 2. c4 d5 3. exd5 cxd5 4. d4 Nf6 5. Nc3 Nc6 6. Nf3 Bg4 7. Be3 e6 8. c5 Be7 9. h3 Bh5 10. Bb5 Qc7 11. 0-0 0-0 12. Rc1 Ne4 13. Be2 f5 14. Ne1 Nxc3 15. bxc3 Bxe2 16. Qxe2 f4 17. Bd2 e5 18. dxe5 Qxe5 19. Qb5 Qc7 20. Nf3 a6 21. Qb3 Rad8 22. Nd4 Qd7 23. Rfe1 Rf6 24. Rb1 Bxc5 25. Qxb7 Nxd4 26. cxd4 Qxb7 27. Rxb7 Bxd4 28. Rb4 Bc5 29. Rxf4 Rxf4 30. Bxf4 Kf7 31. Kf1 Ba3 32. Rb1 Rc8 33. Rb7+ Kf6 34. Rb6+ Kf5 35. Rxa6 Kxf4 36. Rxa3 Rc1+ 37. Ke2 Rc2+ 38. Ke1 g5 39. Rf3+ Ke4 40. a4 d4 41. Rf7 Kd3 42. Rf3+ Ke4 43. Ra3 Rc6 44. a5 Ra6 45. Kd2 h6 46. Ra4 h5 47. Ke2 g4 48. hxg4 hxg4 49. g3 Kd5 50. Kd3 Ke5 51. Rxd4 Rxa5 52. Rxg4 Ra2 53. Rf4 Ra3+ 54. Ke2 Ra1 55. Kf3 Rg1 56. Ra4 Kf5 57. g4+ Kg5 58. Ra5+ Kf6 59. Kf4 Rg2 60. f3 Kf7 61. Ra7+ Kg6 62. Ra6+ Kg7 63. Ke4 1-0

[Event "Wch Blitz"]
[Site "Samarkand"]
[Date "2023.12.29"]
[Round "11"]
[White "Xue, Haowen"]
[Black "Iturrizaga Bonelli, Eduardo"]
[Result "0-1"]
[WhiteElo "2455"]
[BlackElo "2600"]
[PlyCount "86"]
[EventDate "2023.12.29"]
[EventType "swiss (blitz)"]
[EventRounds "21"]
[EventCountry "UZB"]
[SourceTitle "CBM 217 Extra"]
[Source "ChessBase"]
[SourceDate "2024.01.31"]
[SourceVersion "1"]
[SourceVersionDate "2024.01.31"]
[SourceQuality "1"]

1. c4 c5 2. Nf3 g6 3. e3 Bg7 4. d4 Nf6 5. Nc3 0-0 6. d5 e6 7. h3 exd5 8. cxd5 d6 9. Bd3 a6 10. a4 Nbd7 11. 0-0 Ne8 12. e4 Nc7 13. Bg5 f6 14. Bh4 Rb8 15. a5 Qe8 16. Re1 b5 17. axb6 Rxb6 18. Ra2 Rb4 19. Bf1 Ne5 20. Bg3 Qe7 21. Nd2 g5 22. b3 Nb5 23. Nxb5 axb5 24. Nb1 Rd4 25. Qe2 b4 26. Bxe5 fxe5 27. Nd2 Qf7 28. Nf3 Qg6 29. Ra8 h5 30. Nxd4 exd4 31. g3 Kh7 32. e5 dxe5 33. Bg2 d3 34. Qe3 Bf5 35. Rxf8 Bxf8 36. Qxe5 Bg7 37. g4 Bxe5 38. Rxe5 hxg4 39. hxg4 d2 40. Bf3 Bc2 41. Re7+ Kg8 42. Re6 Qxe6 43. dxe6 d1Q+ 0-1

[Event "Wch Blitz"]
[Site "Samarkand"]
[Date "2023.12.29"]
[Round "1"]
[White "Xue, Haowen"]
[Black "Jumabayev, Rinat"]
[Result "1-0"]
[WhiteElo "2455"]
[BlackElo "2598"]
[PlyCount "45"]
[EventDate "2023.12.29"]
[EventType "swiss (blitz)"]
[EventRounds "21"]
[EventCountry "UZB"]
[SourceTitle "CBM 217 Extra"]
[Source "ChessBase"]
[SourceDate "2024.01.31"]
[SourceVersion "1"]
[SourceVersionDate "2024.01.31"]
[SourceQuality "1"]

1. c4 e5 2. Nc3 Bb4 3. Nf3 Nc6 4. e4 a5 5. Nd5 Bc5 6. Nxe5 Nf6 7. Nf3 Nxe4 8. d4 Bb4+ 9. Nxb4 Nxb4 10. a3 Qe7 11. Be3 Nc6 12. d5 Ne5 13. Qd4 Nxf3+ 14. gxf3 Nf6 15. Rg1 0-0 16. 0-0-0 Kh8 17. Bd3 Re8 18. Rxg7 Kxg7 19. Rg1+ Kh8 20. Bg5 Ra6 21. c5 Qe5 22. Qh4 Rg8 23. Bxf6+ 1-0

[Event "Wch Blitz"]
[Site "Samarkand"]
[Date "2023.12.29"]
[Round "3"]
[White "Xue, Haowen"]
[Black "Petrov, Nikita"]
[Result "0-1"]
[WhiteElo "2455"]
[BlackElo "2561"]
[PlyCount "94"]
[EventDate "2023.12.29"]
[EventType "swiss (blitz)"]
[EventRounds "21"]
[EventCountry "UZB"]
[SourceTitle "CBM 217 Extra"]
[Source "ChessBase"]
[SourceDate "2024.01.31"]
[SourceVersion "1"]
[SourceVersionDate "2024.01.31"]
[SourceQuality "1"]

1. c4 e5 2. Nc3 Nf6 3. Nf3 Nc6 4. a3 g6 5. g3 Bg7 6. Bg2 0-0 7. 0-0 a5 8. d3 d6 9. Rb1 Re8 10. Nd2 Ne7 11. b4 axb4 12. axb4 c6 13. b5 d5 14. bxc6 bxc6 15. cxd5 cxd5 16. Nc4 Be6 17. Nxe5 Qc7 18. Bb2 Reb8 19. d4 Rxb2 20. Rxb2 Qxc3 21. Rc2 Qb4 22. e3 Ne4 23. Nd3 Qd6 24. Qc1 h5 25. Nf4 Bf5 26. Rc7 h4 27. gxh4 Bh6 28. Ne2 Ra2 29. Ng3 Nxg3 30. hxg3 Bd3 31. Re1 Bc4 32. Rc5 Nf5 33. Rxc4 dxc4 34. Qxc4 Rxf2 35. Kxf2 Qxg3+ 36. Kf1 Bxe3 37. Re2 Qxh4 38. Qc8+ Kg7 39. Qxf5 gxf5 40. Rxe3 Qxd4 41. Rg3+ Kf6 42. Rf3 f4 43. Rh3 Kg5 44. Rf3 Kg4 45. Ra3 Qd1+ 46. Kf2 Qd4+ 47. Kf1 Qc4+ 0-1

[Event "Wch Rapid"]
[Site "Samarkand"]
[Date "2023.12.28"]
[Round "12"]
[White "Gorovets, Andrey"]
[Black "Xue, Haowen"]
[Result "1-0"]
[WhiteElo "2481"]
[BlackElo "2455"]
[PlyCount "55"]
[EventDate "2023.12.26"]
[EventType "swiss (rapid)"]
[EventRounds "13"]
[EventCountry "UZB"]
[SourceTitle "CBM 217 Extra"]
[Source "ChessBase"]
[SourceDate "2024.01.31"]
[SourceVersion "1"]
[SourceVersionDate "2024.01.31"]
[SourceQuality "1"]

1. Nf3 d5 2. g3 Bg4 3. Bg2 Nf6 4. h3 Bh5 5. c4 c6 6. 0-0 e6 7. d4 Nbd7 8. cxd5 exd5 9. Ne5 Nxe5 10. dxe5 Nd7 11. f4 f5 12. Qc2 Bg6 13. Nd2 Nc5 14. b4 Ne6 15. Rb1 Be7 16. a3 0-0 17. Nb3 Qb6+ 18. Kh2 Bh5 19. Qd3 d4 20. Bb2 Rad8 21. Rfd1 g5 22. Nxd4 gxf4 23. Qb3 Bf7 24. Nxe6 c5 25. Rd6 Bxd6 26. exd6 Qxd6 27. Qc3 fxg3+ 28. Kg1 1-0

[Event "Wch Rapid"]
[Site "Samarkand"]
[Date "2023.12.27"]
[Round "6"]
[White "Aravindh, Chithambaram VR"]
[Black "Xue, Haowen"]
[Result "0-1"]
[WhiteElo "2646"]
[BlackElo "2455"]
[PlyCount "68"]
[EventDate "2023.12.26"]
[EventType "swiss (rapid)"]
[EventRounds "13"]
[EventCountry "UZB"]
[SourceTitle "CBM 217 Extra"]
[Source "ChessBase"]
[SourceDate "2024.01.31"]
[SourceVersion "1"]
[SourceVersionDate "2024.01.31"]
[SourceQuality "1"]

1. d4 Nf6 2. Bg5 e6 3. Nd2 h6 4. Bh4 Be7 5. e4 d6 6. Bd3 b6 7. f4 Bb7 8. Ngf3 Nh5 9. Bxe7 Qxe7 10. g3 g5 11. fxg5 hxg5 12. Rf1 Nd7 13. Qe2 c5 14. 0-0-0 g4 15. Nh4 cxd4 16. Nb3 0-0-0 17. Qxg4 Rdg8 18. Qe2 Rxg3 19. Nf3 Nf4 20. Qd2 Nxd3+ 21. cxd3 Rgh3 22. Nbxd4 Ne5 23. Kb1 Kb8 24. Rf2 f5 25. Qe2 Nxd3 26. Rxd3 fxe4 27. Rd2 exf3 28. Qxe6 Be4+ 29. Ka1 Qxe6 30. Nxe6 Rg8 31. b3 Rg2 32. Nf4 Rhxh2 33. Nxg2 fxg2 34. Rd1 Rh1 0-1

[Event "Wch Rapid"]
[Site "Samarkand"]
[Date "2023.12.27"]
[Round "8"]
[White "Duda, Jan Krzysztof"]
[Black "Xue, Haowen"]
[Result "0-1"]
[WhiteElo "2732"]
[BlackElo "2455"]
[PlyCount "72"]
[EventDate "2023.12.26"]
[EventType "swiss (rapid)"]
[EventRounds "13"]
[EventCountry "UZB"]
[SourceTitle "CBM 217 Extra"]
[Source "ChessBase"]
[SourceDate "2024.01.31"]
[SourceVersion "1"]
[SourceVersionDate "2024.01.31"]
[SourceQuality "1"]

1. d4 Nf6 2. c4 e6 3. Nf3 d5 4. g3 dxc4 5. Bg2 Bb4+ 6. Bd2 a5 7. Qc2 b6 8. Ne5 Ra7 9. Nc3 Bb7 10. Qa4+ Nfd7 11. 0-0 0-0 12. Nxc4 Bxg2 13. Kxg2 Nf6 14. Kg1 Rb7 15. Be3 Ng4 16. Rad1 Bxc3 17. bxc3 b5 18. Qb3 a4 19. Qb1 Qd5 20. Nd2 c5 21. Nf3 Nxe3 22. fxe3 Nd7 23. e4 Qc4 24. e5 Qxe2 25. Rde1 Qc4 26. Ng5 g6 27. Qe4 Rc7 28. Qh4 h5 29. g4 Qxc3 30. Re4 f5 31. exf6 Rxf6 32. Nxe6 Rxf1+ 33. Kxf1 Nf8 34. Ng5 Qd3+ 35. Kg1 cxd4 36. gxh5 Rc1+ 0-1